000 00443nam a2200157Ia 4500
005 20250508155139.0
008 008 250505s9999 xx 000 0 eng d
037 _aBooks to be hide in OPAC
040 _aFEDL
_beng
_cFEDL
041 _aeng
_2eng
084 _a370.6, UNE/O
_qFEDL
245 0 _aUnesco chronicle: A monthly report from Unesco house
260 _c1955
942 _cHB
_h370.6, UNE/O
999 _c1354693
_d1354693